000 00506nam a22001577a 4500
005 20251108164302.0
008 250721s1987 xx 000 0 ara d
082 1 4 _a796.323/سال
100 1 _aسالم، مختار
245 1 0 _aمع كرة السلة : لعبة كرة السلة القانون ، الدولي لكرة السلة .... /
264 1 _aبيروت :
_bمؤسسة المعارف،
_c1987.
300 _a272ص : مص.
650 1 7 _aكرة السلة
942 _2ddc
_cBK
999 _c8386
_d8386